| 000 -LEADER |
| fixed length control field |
00318nam a2200121 4500 |
| 082 ## - DEWEY DECIMAL CLASSIFICATION NUMBER |
| Classification number |
L1 MADR/1960-61/A1 |
| 100 ## - MAIN ENTRY--PERSONAL NAME |
| Personal name |
Government of Madras |
| 9 (RLIN) |
3308 |
| 245 ## - TITLE STATEMENT |
| Title |
Appendices to the budget speech, 1960-61 |
| 260 ## - PUBLICATION, DISTRIBUTION, ETC. (IMPRINT) |
| Place of publication, distribution, etc |
Madras |
| Name of publisher, distributor, etc |
Government Press |
| Date of publication, distribution, etc |
1960 |
| 300 ## - PHYSICAL DESCRIPTION |
| Extent |
17p. |
| 650 ## - SUBJECT ADDED ENTRY--TOPICAL TERM |
| Topical term or geographic name as entry element |
Budget - Madras |
| 9 (RLIN) |
3886 |
| 942 ## - ADDED ENTRY ELEMENTS (KOHA) |
| Source of classification or shelving scheme |
|